Footballers that start with A - Statistics

General Stats
  • This quiz has been taken 46 times
  • The average score is 9 of 16
Answer Stats
Picture Answer % Correct
Alisson
98%
David Alaba
95%
Antony
93%
Sergio Agüero
93%
Marco Asensio
79%
Manuel Akanji
72%
Sofyan Amrabat
60%
César Azpilicueta
58%
Eric Abidal
58%
Nicolas Anelka
56%
Marko Arnautovic
53%
Serge Aurier
37%
Houssem Aouar
33%
Toby Alderweireld
30%
Andreï Archavine
9%
Jordan Amavi
2%
No matching quizzes found
Score Distribution
Percent of People with Each Score
Percentile by Number Answered
Your Score History
You have not taken this quiz